000 00600nam a2200205 i 4500
001 189311
003 SpMaBN
005 20230906223438.0
008 190522s1962 sp |||| | spa d
080 _a86-311.2"19"
100 1 _aZunzunegui, Juan Antonio de.
_9118511
245 1 3 _aEl camino alegre /
_cJuan Antonio de Zunzunegui.
250 _a1ª ed.
260 _aBarcelona :
_bNoguer,
_c1962.
300 _a559 p. ;
_c20 cm.
490 1 _aGalería literaria ;
_v34
830 0 _aGalería literaria ;
_v34
_9180522
852 _aES-MaACL
_jL-32321
_z- Enc. cart.
999 _c189311
_d189311